Body & Society / (Record no. 10712)

MARC details
000 -LEADER
fixed length control field 01806nas a22002657a 4500
005 - DATE AND TIME OF LATEST TRANSACTION
control field 20250220113005.0
008 - FIXED-LENGTH DATA ELEMENTS--GENERAL INFORMATION
fixed length control field 250220b ||||| |||| 00| 0 spa d
022 ## - INTERNATIONAL STANDARD SERIAL NUMBER
International Standard Serial Number 1357-034X
082 14 - DEWEY DECIMAL CLASSIFICATION NUMBER
Edition number 14
Classification number 301
245 10 - TITLE STATEMENT
Title Body & Society /
Statement of responsibility, etc Editors Mike Featherstone, Bryan S. Turner .
260 ## - PUBLICATION, DISTRIBUTION, ETC. (IMPRINT)
Place of publication, distribution, etc [ Notthinham ] :
Name of publisher, distributor, etc SAGE Publishing ,
Date of publication, distribution, etc 1995 -
300 ## - PHYSICAL DESCRIPTION
Extent Impresa y digital
310 ## - CURRENT PUBLICATION FREQUENCY
Current publication frequency Trimestral
362 ## - DATES OF PUBLICATION AND/OR SEQUENTIAL DESIGNATION
Dates of publication and/or sequential designation Vol. 5, No. 1 (mar. 1999) -
500 ## - GENERAL NOTE
General note Desde su inicio como revista complementaria de Theory, Culture & Society, ha sido pionera y ha dado forma al campo de los estudios del cuerpo. Se ha comprometido con la apertura teórica caracterizada por la publicación de una amplia gama de enfoques críticos del cuerpo, junto con el estímulo y el desarrollo de trabajos innovadores que contienen un enfoque transdisciplinario.<br/>En los últimos años, los estudios sobre el cuerpo y la corporeidad han cobrado cada vez mayor importancia en los debates sobre tecnologías, cine, prácticas mediáticas, comunicación, performance, arte, regeneración, arquitectura, trabajo, danza, afecto y vida. Estos son algunos de los objetos, prácticas y temas emergentes que se han enriquecido con un enfoque en el cuerpo y la corporeidad, y que se reflejan en el surgimiento de una enorme y creciente literatura sobre estudios del cuerpo
Source of note information (AM SE) [OBSOLETE] https://journals.sagepub.com/overview-metric/BOD?
650 27 - SUBJECT ADDED ENTRY--TOPICAL TERM
Source of heading or term ilot
9 (RLIN) 21193
Topical term or geographic name as entry element ANTROPOLOGÍA SOCIAL Y CULTURAL
650 27 - SUBJECT ADDED ENTRY--TOPICAL TERM
Source of heading or term ilot
9 (RLIN) 21194
Topical term or geographic name as entry element CUERPO HUMANO
650 27 - SUBJECT ADDED ENTRY--TOPICAL TERM
Source of heading or term unescot
9 (RLIN) 1040
Topical term or geographic name as entry element ESTUDIOS CULTURALES
650 27 - SUBJECT ADDED ENTRY--TOPICAL TERM
Source of heading or term unescot
9 (RLIN) 495
Topical term or geographic name as entry element INVESTIGACION SOCIAL
710 1# - ADDED ENTRY--CORPORATE NAME
9 (RLIN) 12821
Corporate name or jurisdiction name as entry element Sage Publishing
856 41 - ELECTRONIC LOCATION AND ACCESS
Uniform Resource Identifier <a href="https://journals.sagepub.com/toc/BOD/current">https://journals.sagepub.com/toc/BOD/current</a>
869 ## - Existencias
Año 1998
Número 1-4
Volúmen 4
942 ## - ADDED ENTRY ELEMENTS (KOHA)
Source of classification or shelving scheme Dewey Decimal Classification
Item type Revista o publicación periódica
980 ## - EQUIVALENCE OR CROSS-REFERENCE-SERIES STATEMENT--PERSONAL NAME/TITLE [LOCAL, CANADA]
Linkage 11876
Personal name Claudia Naveiras
Field link and sequence number 11876
Miscellaneous information Claudia Naveiras
Holdings
Withdrawn status Lost status Source of classification or shelving scheme Damaged status Not for loan Collection code Home library Current library Date acquired Source of acquisition Serial Enumeration / chronology Total Checkouts Full call number Barcode Date last seen Price effective from Koha item type
    Dewey Decimal Classification   Consultar Disponibilidad Revistas Biblioteca Central Biblioteca Central 20/02/2025 Donación Vol. 4, No. 1 (mar. 1998)   H 301 BOD UNAJ25020114 17/03/2025 20/02/2025 Revista o publicación periódica
    Dewey Decimal Classification   Consultar Disponibilidad Revistas Biblioteca Central Biblioteca Central 20/02/2025 Donación Vol. 4, No. 2 (jun. 1998)   H 301 BOD UNAJ25020115 17/03/2025 20/02/2025 Revista o publicación periódica
    Dewey Decimal Classification   Consultar Disponibilidad Revistas Biblioteca Central Biblioteca Central 20/02/2025 Donación Vol. 4, No. 3 (sep. 1998)   H 301 BOD UNAJ25020116 17/03/2025 20/02/2025 Revista o publicación periódica
    Dewey Decimal Classification   Consultar Disponibilidad Revistas Biblioteca Central Biblioteca Central 20/02/2025 Donación Vol. 4, No. 4 (dec. 1998)   H 301 BOD UNAJ25020117 17/03/2025 20/02/2025 Revista o publicación periódica

Lunes a Viernes 8:30 a 19:00 hs. Cerrado por mudanza
Av.Calchaqui 6200 Florencio Varela (CP188) 2°piso Edificio Mosconi Aula 209-210
Mail: bibliotecacentralunaj@gmail.com  
Whatsapp(54 9)1122668024    ❔Pregunte a la bibliotecaria
© Universidad Nacional Arturo Jauretche | Secretaría Académica | Biblioteca Central UNAJ